Nemocenské dávky a euro

Prepočet slovenskej koruny na euro na základe konverzného kurzu. Duálne zobrazovanie. Prepočty a zaokrúhľovanie nemocenských dávok. Výplata nemocenskej dávky.

Saved in:
Bibliographic Details
Main Author: Ďurišová, Diana
Other Authors: Šefčovičová, Katarína
Format: Book Chapter
Language:Slovak
Subjects:
Tags: Add Tag
No Tags, Be the first to tag this record!

MARC

LEADER 00000naa$a2200000$$$4500
001 0080763
005 20230925075021.2
041 0 |a slo 
044 |a SK 
245 1 0 |a Nemocenské dávky a euro  |c Diana Ďurišová, Katarína Šefčovičová 
520 |a Prepočet slovenskej koruny na euro na základe konverzného kurzu. Duálne zobrazovanie. Prepočty a zaokrúhľovanie nemocenských dávok. Výplata nemocenskej dávky. 
610 2 0 |a poistenie nemocenské 
610 2 0 |a dávky poistenia nemocenského 
610 2 0 |a euro 
610 2 0 |a koruna 
610 2 0 |a legislatíva 
610 2 0 |a Slovensko 
100 1 |a Ďurišová, Diana 
700 1 |a Šefčovičová, Katarína